01304nam a2200205Ia 4500008004100000040001800041041000800059245005800067260009400125300001000219508012300229511018100352520028700533546006200820586005900882650002000941650002400961650002400985856008901009130821s2007 xxu gs eng  aCo-BoUCMbspa00aeng04aThe Great debatersc[DDV]cDirector Denzel Washington aWashington D.C. (Estados Unidos)bMiramax Films / Harpo Films / Marshall Productionc2007 a1 DVD aGUIÓN Robert Eisele, Suzan-Lori Parks ; MÚSICA Peter Golub, James Newton Howard ; FOTOGRAFÍA Philippe Rousselot aDenzel Washington, Forest Whitaker, Kimberly Elise, Jermaine Williams, Nate Parker, Justice Leak, J.D. Evermore, Charissa Allen, Robert X. Golphin, Gina Ravera, Jurnee Smollett aDrama basado en la historia real de Mel Tolson, un profesor de Historia Afroamericana en el Wiley College de Texas, quien en 1935 inspiró a sus estudiantes a formar el primer equipo de debate del colegio, que luego se enfrentaría en la final a Harvard en el campeonato nacional. aAudio en inglés y francés ; subtítulos en español a2007: Nominada al Globo de Oro: Mejor película Drama04aEntretenimiento04aOradoresxCinevDVD04aOratoriaxCinevDVD04uhttp://www.youtube.com/watch?v=JnezpSJwr8czSiga este vínculo para ver el trailer.